Т. 54, № 2; Журнал структурной химии

Xehetasun bibliografikoak
Parent link:Журнал структурной химии=Journal of Structural Chemistry: научный журнал/ Российская академия наук (РАН), Сибирское отделение (СО). Т. 54, № 2.— , 1961-
Hizkuntza:errusiera
Argitaratua: 2013
Formatua: MixedMaterials Liburua
KOHA link:https://koha.lib.tpu.ru/cgi-bin/koha/opac-detail.pl?biblionumber=507434

MARC

LEADER 00000nam2a2200000 4500
001 507434
005 20231101103436.0
035 |a (RuTPU)RU\TPU\prd\178953 
090 |a 507434 
100 |a 20130527a19609999k y0rusy50 ca 
101 0 |a rus 
102 |a RU 
200 0 |a Т. 54, № 2 
210 |d 2013 
461 1 |0 (RuTPU)RU\TPU\prd\1478  |t Журнал структурной химии  |l Journal of Structural Chemistry  |o научный журнал  |f Российская академия наук (РАН), Сибирское отделение (СО)  |v Т. 54, № 2  |d 1961- 
801 0 |a RU  |b 63413507  |c 20010227  |g PSBO 
801 1 |a RU  |b 63413507  |c 20130527 
801 2 |a RU  |b 63413507  |c 20230410  |g RCR 
942 |c BK 
999 |a НТБ_ТПУ  |b НФ  |e -1/20130109  |p П-6774  |s 5/20121010  |u 0,00  |v 1